Detalles MARC
| 000 -LEADER |
| longitud fija campo de control |
01627nas a22003017a 4500 |
| 003 - IDENTIFICADOR DE NUMERO DE CONTROL |
| control del campo |
AR-RoUNA |
| 005 - FECHA DE LA ULTIMA MODIFICACION |
| control del campo |
20251009154037.0 |
| 008 - CAMPO DE CONTROL - LIBROS |
| longitud fija campo de control |
170315d xxub||p| ||||z00| z spa d |
| 022 ## - ISSN |
| ISSN |
1518-238XP |
| 040 ## - ORIGEN DE LA CATALOGACION |
| Agencia que cataloga la obra original |
AR-RoUNA |
| Idioma en que se cataloga |
spa |
| Entidad que transcribio la catalogacion |
Facultad de Arquitectura. UNR |
| 041 ## - CODIGO DE IDIOMA |
| Codigo de idioma del texto / sonido o titulo separado |
por |
| 044 ## - CODIGO DE PAIS / ENTIDAD PRODUCTORA |
| Codigo MARC del pais |
ag |
| 110 ## - ASIENTO PRINCIPAL - AUTOR INSTITUCIONAL |
| Nombre corporativo o de jurisdiccion como elemento de entrada |
Universidad Federal de Río Grande del Sur/ |
| Unidad subordinada |
Programa de Investigación y Posgrado de Arquitectura |
| 9 (RLIN) |
11321 |
| 245 ## - TITULO PROPIAMENTE DICHO |
| Titulo |
ARQTEXTO |
| 260 ## - EDITORIAL - PUBLICACION, DISTRIBUCION, ETC. (Pie de imprenta) |
| Lugar de publicacion, distribucion, etc |
Porto Algre, |
| Nombre del editor, distribuidor, etc |
Universidad Federal de Rio Grande do Sul (UFRGS), |
| Fecha de publicacion |
2000 |
| 270 ## - DOMICILIO |
| Dirección |
Farroupilha - State of Rio Grande do Sul, |
| Ciudad |
Porto Alegre |
| País |
Brasil |
| Código postal |
04870-470 |
| Número de teléfono |
(51) 3308.6000 |
| Dirección de correo electrónico |
ppgarq@ufrgs.br; ccomas@uol.com.br |
| Persona de contacto |
Universidad Federal de Río Grande del Sur (UFRGS) |
| 300 ## - DESCRIPCION FISICA |
| Otros detalles fisicos |
fot. col., |
| -- |
fot. byn., |
| -- |
plantas, |
| Material complementario |
Imp |
| Extension |
[s/n] : |
| Dimensiones |
27,5 x 22 cm |
| 500 ## - NOTA GENERAL |
| Nota general |
La revista ARQTEXTO es la publicación semestral del Programa de Investigación y Posgrado de Arquitectura UFRGS. Su misión es contribuir al desarrollo del área de arquitectura a través de la publicación de artículos científicos inéditos, que constituyen contribuciones relevantes para el avance del conocimiento arquitectónico. |
| 650 #0 - MATERIA - TERMINO TEMATICO |
| Termino tematico general |
Arquitectura |
| 9 (RLIN) |
166 |
| 650 ## - MATERIA - TERMINO TEMATICO |
| Termino tematico general |
Arquitectura |
| 9 (RLIN) |
11273 |
| 650 ## - MATERIA - TERMINO TEMATICO |
| Termino tematico general |
Enseñanza Universitaria |
| 856 ## - LOCALIZACION ELECTRONICA Y ACCESO |
| Identificador uniforme de recursos |
<a href=" https://www.ufrgs.br/propar/arqtexto/index.htm"> https://www.ufrgs.br/propar/arqtexto/index.htm</a> |
| 866 ## - EXISTENCIAS DE LA UNIDAD BIBLIOGRÁFICA BÁSICA |
| Indice de existencias |
(2000: nº0); (2003: nº3/4); (2005: nº6-7); (2006: nº8); (2007: nº10/11); (2008: nº12-13); (2009: nº14); (2010/1: nº16-); (2010/2: nº17-13) |
| 908 ## - SOPORTE |
| Soporte |
Imp |
| 942 ## - FUENTE DE CLASIFICACION |
| Clasificacion |
Universal Decimal Classification |
| Tipo de item |
Recurso contínuo |
| 945 ## - INFORMACION DE PROCESAMIENTO |
| Codigo del operador |
MBP |
| Fecha de ingreso o modificacion |
2017-03-29 |
| 980 ## - EQUIVALENCE OR CROSS-REFERENCE-SERIES STATEMENT--PERSONAL NAME/TITLE [LOCAL, CANADA] |
| Linkage |
6 |
| Personal name |
Mirna Bonanno Potro |
| Miscellaneous information |
Mirna Bonanno Potro |
| Field link and sequence number |
6 |